00687nam a2200181Ia 4500008004100000020001800041041000800059084001800067100002600085245009400111260005500205500008400260546001700344653007700361653002400438700002600462700001700488160807s2014 xx 000 0 mal d a9788126452378 amal aV2,1y7N312CC aAbdul Kalam, A. P. J. aAsadhyathayile sadhyatha /cA. P. J. Abdul Kalam; translated by Kabani C. and Arun Tiwari aKottayam :bD C Books,c2014.c2015.c2016.c2013. aOriginal English Title - Squaring the circle: seven steps to Indian Renaissance aIn Malayalam aMalayalam TranslationaConversation - A P J Abdul Kalam With Arun Tiwari aRenaissance - India aKabani C.etranslator aArun Tiwari.